000 01490nam a2200289 4500
003 OSt
005 20170921144858.0
008 160502s2017 ua g b 000 0 ara d
020 _a9789777800723
040 _aMa-Un
_bara
_cDar Arab
082 0 4 _221
_a414
_bأ ح ت
100 1 _953479
_aالأقحصاري، حسن بن طورخان بن داود،
_d951-1025 هـ.
245 1 0 _aتمحيص التلخيص في علوم البلاغة /
_cحسن بن طورخان بن داود بن يعقوب الذيبي الآقحصاري الكافي البوسنوي ؛ حققه وقدم له حسين أسود.
250 _aط. 1.
260 _aالقاهرة :
_bعالم الكتب،
_c2017.
300 _a236 ص. ؛
_c24 سم.
504 _aيشتمل على إرجاعات ببليوجرافية.
504 _aببليوجرافية : ص. 223-231.
650 4 _aاللغة العربية
_xبلاغة
_959748
700 1 _959611
_aأسود، حسين
_eمحقق.
700 1 2 _aالسكاكي، يوسف بن أبي بكر بن محمد،
_d555-626 هـ.
_tمفتاح العلوم.
_944322
700 1 2 _aالقزويني، محمد بن عبد الرحمن بن عمر،
_d666-739 هـ.
_tالتلخيص في علوم البلاغة.
_959749
740 2 2 _aالتلخيص في علوم البلاغة.
740 0 2 _aمفتاح العلوم.
942 _cBOOK
700 1 2 _tتفسير الفخر الرازي، المشتهر، بالتفسير الكبير ومفاتيح الغيب.
_959611
999 _c40930
_d310550